Informe final de investigación: la biología del conocimiento de Humberto Maturana: una exposición crítica
Gespeichert in:
| Hauptverfasser: | , |
|---|---|
| Format: | Buch |
| Sprache: | Spanisch |
| Veröffentlicht: |
Talca
Universidad Católica del Maule
1999
|
| Schriftenreihe: | Colección Tabor U.C.M. Serie Informes de Investigación, 3
|
| Schlagworte: | |
| Tags: |
Tag hinzufügen
Keine Tags, Fügen Sie den ersten Tag hinzu!
|
MARC
| LEADER | 00000nam a2200000 a 4500 | ||
|---|---|---|---|
| 001 | UCO5644 | ||
| 003 | CL-VaPUC | ||
| 005 | 20211028161437.0 | ||
| 008 | 000908e19990000CL |||||||||||||||||spa|d | ||
| 999 | |c 291491 |d 291489 | ||
| 040 | |c Pontificia Universidad Católica de Valparaíso | ||
| 082 | 0 | 4 | |a 501 |b ALA |2 21 |
| 100 | 0 | |a Alarcón Leiva, Jorge |e author |9 450357 | |
| 245 | 1 | 0 | |a Informe final de investigación: la biología del conocimiento de Humberto Maturana: una exposición crítica |
| 260 | |a Talca |b Universidad Católica del Maule |c 1999 | ||
| 300 | |a 111 p | ||
| 490 | 0 | |a Colección Tabor U.C.M. Serie Informes de Investigación, 3 | |
| 583 | |a last modification |c 20000908 00:00:00 |k Rodrigo Vera | ||
| 600 | |a Maturana Romesín, Humberto, |d 1928-2021 |9 863899 | ||
| 650 | 0 | |a Filosofía de las ciencias |9 256466 | |
| 650 | 7 | |a CONOCIMIENTO |2 CL-VaPUC |9 308991 | |
| 650 | 7 | |a ESTRUCTURA DEL CONOCIMIENTO |2 CL-VaPUC |9 335304 | |
| 700 | 0 | |a Canales Valenzuela, Iván |e author |9 450358 | |
| 942 | |c BK |2 ddc | ||
| 945 | |d 20000908 00:00:00 |a rbrito | ||
| 952 | |0 0 |1 0 |4 0 |6 501_000000000000000_ALA_1999 |7 0 |8 A |9 341359 |a BIBEDU |b BIBEDU |d 2019-11-20 |i 3619834 |o 501 ALA 1999 |p 3619834 |r 2019-11-20 |w 2019-11-20 |y BK |k BME | ||